Sustainable urban drainage systems : best practice manual for England, Scotland, Wales and Northern Ireland (Record no. 101758)
[ view plain ]
| 000 -LEADER | |
|---|---|
| fixed length control field | 01238cam a2200253 4500 |
| 008 - FIXED-LENGTH DATA ELEMENTS--GENERAL INFORMATION | |
| fixed length control field | 011108n2001 000 0 eng u |
| 020 ## - INTERNATIONAL STANDARD BOOK NUMBER | |
| International Standard Book Number | 0860175235 |
| 035 ## - SYSTEM CONTROL NUMBER | |
| System control number | (Sirsi) u115531 |
| 050 ## - LIBRARY OF CONGRESS CALL NUMBER | |
| Classification number | 627.4 |
| 110 ## - MAIN ENTRY--CORPORATE NAME | |
| Corporate name or jurisdiction name as entry element | Construction Industry Research and Information Association |
| 9 (RLIN) | 4810 |
| 245 ## - TITLE STATEMENT | |
| Title | Sustainable urban drainage systems : best practice manual for England, Scotland, Wales and Northern Ireland |
| 260 ## - PUBLICATION, DISTRIBUTION, ETC. | |
| Place of publication, distribution, etc. | London |
| Name of publisher, distributor, etc. | CIRIA |
| Date of publication, distribution, etc. | 2001 |
| 300 ## - PHYSICAL DESCRIPTION | |
| Extent | 131p. |
| Other physical details | ill. |
| Dimensions | 30cm. |
| 350 ## - PRICE (NR) (BK AM CF MU VM SE) [OBSOLETE] | |
| Price | 90.00 |
| 490 ## - SERIES STATEMENT | |
| Series statement | CIRIA |
| Volume/sequential designation | c523 |
| 520 ## - SUMMARY, ETC. | |
| Summary, etc. | A companion to CIRIA publications C521, "Sustainable urban drainage systems: design manual for Scotland and Northern Ireland", and C522, "Sustainable urban drainage systems: design manual for England and Wales" this volume provides guidance on the wider aspects of sustainable urban drainage systems (SUDS) best practice, including legislative issues and how organisations can work together, employing SUDS to ensure that developments are more sustainable. |
| 650 ## - SUBJECT ADDED ENTRY--TOPICAL TERM | |
| Topical term or geographic name entry element | DRAINAGE |
| 650 ## - SUBJECT ADDED ENTRY--TOPICAL TERM | |
| Topical term or geographic name entry element | DRAINAGE SYSTEMS |
| 650 ## - SUBJECT ADDED ENTRY--TOPICAL TERM | |
| Topical term or geographic name entry element | SUSTAINABLE URBAN DRAINAGE SYSTEMS |
| 650 ## - SUBJECT ADDED ENTRY--TOPICAL TERM | |
| Topical term or geographic name entry element | SURFACE WATER |
| 650 ## - SUBJECT ADDED ENTRY--TOPICAL TERM | |
| Topical term or geographic name entry element | SUSTAINABLE URBAN DRAINAGE SYSTEMS |
| 690 ## - LOCAL SUBJECT ADDED ENTRY--TOPICAL TERM (OCLC, RLIN) | |
| Topical term or geographic name as entry element | DEVELOPMENT-SUSTAINABLE |
| 942 ## - ADDED ENTRY ELEMENTS (KOHA) | |
| Suppress in OPAC | 0 |
| Withdrawn status | Lost status | Source of classification or shelving scheme | Damaged status | Not for loan | Home library | Current library | Shelving location | Date acquired | Total Checkouts | Full call number | Barcode | Date last seen | Date last checked out | Copy number | Price effective from | Koha item type |
|---|---|---|---|---|---|---|---|---|---|---|---|---|---|---|---|---|
| Dewey Decimal Classification | London | London | Folio | 08/11/2001 | 13 | F627.4 CON | 30065038 | 06/08/2019 | 11/04/2007 | 1 | 06/08/2019 | Book |